000 00286nam a22001337a 4500
008 210308b ||||| |||| 00| 0 eng d
041 _aeng
080 _a510
082 _a510
100 _a36
101 _aMAT
245 _aCounterexamples in Topology
_cSteen,A.L
942 _2udc
_cBK
999 _c55954
_d55954